00420 2200169 4500001002100000005001500021035002000036245003700056100001800093300001500111260003100126082000800157084001400165020001800179008004100197990001200238INLIS00000000000332320251222091420 a0010-12250001441 aMaster Of Sea 3 /cTakemura Yuji0 aTakemura Yuji c13 x 18 cm aJakarta :bGramedia,c2007 a700 a700 TAK m a979-20-9630-2251222 0  a0754506